000
00256nam a22001217a 4500
082
_a
823
_b
GAL/S
100
_a
GALSWORTHY, JOHN
245
_a
THE SILVER BOX
260
_a
DEHRADUN
_b
MAPLE PRESS
_c
2011
300
_a
112
650
_a
NOVEL
_z
INDIA
942
_c
BK
999
_c
3116
_d
3116